Vogel's textbook of quantitative chemical analysis : (Record no. 183682)

000 -LEADER
fixed length control field 01448 a2200217 4500
003 - CONTROL NUMBER IDENTIFIER
control field NUST
005 - DATE AND TIME OF LATEST TRANSACTION
control field 20230712084507.0
010 ## - LIBRARY OF CONGRESS CONTROL NUMBER
LC control number 77005545
040 ## - CATALOGING SOURCE
Transcribing agency Nust
082 00 - DEWEY DECIMAL CLASSIFICATION NUMBER
Classification number 543,MEN
100 1# - MAIN ENTRY--PERSONAL NAME
Personal name Vogel, Arthur Israel.
9 (RLIN) 100046
245 10 - TITLE STATEMENT
Title Vogel's textbook of quantitative chemical analysis :
Remainder of title including elementary instrumental analysis /
Statement of responsibility, etc. J. Mendham, R.C. Denney and J.D. Barnes
250 ## - EDITION STATEMENT
Edition statement 6th ed. /
Remainder of edition statement revised by John Bassett ... [et al.].
260 ## - PUBLICATION, DISTRIBUTION, ETC.
Place of publication, distribution, etc. London ;
-- New York :
Name of publisher, distributor, etc. Longman,
Date of publication, distribution, etc. 1978.
300 ## - PHYSICAL DESCRIPTION
Extent xxxi, 925 p. ;
Other physical details ill ;
Dimensions 24 cm.
505 ## - FORMATTED CONTENTS NOTE
Formatted contents note Chemical Analysis (Page-29), Solution Reactions: Fundamental Theory (Page-40), Common Apparatus and Basic Techniques (Page-94), Statistics : Introduction to Chemo metrics (Page-145), Sampling (Page-198), Separation (Page-239) Thin-Layer Chromatography (Page-279), Liquid Chromatography (Page-289), Gas Chromatography (Page-317), Titrimetric Analysis (Page-340), Gravimetric analysis (Page-489), Thermal Analysis (Page-503), Direct Electro analytical Methods (Page-523), Nuclear Magnetic Spectroscopy (Page-599), Atomic Absorption Spectroscopy (Page-612), Atomic Emission Spectroscopy (Page-645) Molecular Electronic Spectroscopy (Page-658), Vibrational Spectroscopy (Page-720), Mass Spectrometry (Page-745).
650 #0 - SUBJECT ADDED ENTRY--TOPICAL TERM
Topical term or geographic name entry element Chemistry, Analytic
General subdivision Quantitative.
9 (RLIN) 905
650 #0 - SUBJECT ADDED ENTRY--TOPICAL TERM
Topical term or geographic name entry element Chemistry, Inorganic.
9 (RLIN) 1095
700 1# - ADDED ENTRY--PERSONAL NAME
Personal name Bassett, John,
Dates associated with a name 1924-
9 (RLIN) 100047
942 ## - ADDED ENTRY ELEMENTS (KOHA)
Source of classification or shelving scheme
Koha item type Book
Call number prefix 543,MEN
Holdings
Withdrawn status Lost status Source of classification or shelving scheme Damaged status Not for loan Permanent Location Current Location Shelving location Date acquired Full call number Barcode Date last seen Price effective from Koha item type Public note
          Military College of Signals (MCS) Military College of Signals (MCS) General Stacks 12/12/2016 543,MEN MCS33279 12/08/2016 12/12/2016 Book Almirah No.77, Shelf No.4
          Military College of Signals (MCS) Military College of Signals (MCS) General Stacks 12/12/2016 543,MEN MCS33280 12/08/2016 12/12/2016 Book Almirah No.25, Shelf No.4
© 2023 Central Library, National University of Sciences and Technology. All Rights Reserved.